000 00625nam a2200229Ia 4500
003 OSt
005 20220923220527.0
006 a|||||r|||| 00| 0
007 ta
008 220922b |||||||| |||| 00| 0 hin d
024 _a187,393
037 _cTextual
040 _aARTS
_cARTS
_bhin
041 _2hin
_ahin
082 _aWx1, 152F5-;1
100 _aकौटिल्य
_9156280
245 0 _aकौटिल्य अर्थशास्त्र
246 _aKauṭilya arthashāstra
260 _c1925
942 _hWx1, 152F5-;1
_cTEXL
_2CC
999 _c340470
_d340470